Proyecciones del desarollo latinoamericano hasta el año 2000 /
Salvato in:
| Autore principale: | |
|---|---|
| Natura: | testo |
| Tags: |
Aggiungi Tag
Nessun Tag, puoi essere il primo ad aggiungerne!!
|
MARC
| LEADER | 00000 a a2200000 04500 | ||
|---|---|---|---|
| 001 | 45359 | ||
| 003 | |||
| 040 | |||
| 090 | |a REV0780 (11)1982 | ||
| 100 | |a Villagrán, Héctor | ||
| 245 | |a Proyecciones del desarollo latinoamericano hasta el año 2000 / |c Héctor Villagrán | ||
| 773 | |g número11, III Epoca (1982), páginas 2-8 | ||
| 999 | |c 27388 |d 27388 | ||
